LEADER 01161nam 2200313Ia 450 001 996390303503316 005 20221108004932.0 035 $a(CKB)4940000000098561 035 $a(EEBO)2248517425 035 $a(OCoLC)09959798 035 $a(EXLCZ)994940000000098561 100 $a19830928d1653 uy | 101 0 $aeng 135 $aurbn||||a|bb| 200 10$aChoice experiences of the kind dealings of God before, in, and after conversion$b[electronic resource] $elaid down in six general heads : together with some brief observations upon the same : whereunto is added a description of true experience /$fby J. Turner 210 $aLondon $cPrinted by H. Hils$d1653 215 $a[30], 208+ p 300 $aImperfect: all after p. 208 lacking. 300 $aReproduction of original in the Harvard University Library. 330 $aeebo-0062 606 $aConversion 615 0$aConversion. 700 $aTurner$b J$g(Jane)$01016172 801 1$bUMI 801 2$bWaOLN 906 $aBOOK 912 $a996390303503316 996 $aChoice experiences of the kind dealings of God before, in, and after conversion$92376375 997 $aUNISA